Word Ladder: Art of Aesthetics Quiz Stats

 Plays Quiz Updated Jun 24, 2012

Support Sporcle.
Go Orange.
Score 0/13 Timer 01:00
0 Plays Today
Clue Word % Correct
American sitcom: Big ____ TheoryBANG
98.8%
Farm buildingBARN
94.5%
A long, sharp, pointed toothFANG
92%
Lady Gaga single: ____ This WayBORN
88.8%
Musical groupBAND
88.6%
Lyric poetBARD
84.1%
The firing of a gunSHOT
81.4%
Close somethingSHUT
76.9%
Black powdery substanceSOOT
72.2%
In a short amount of timeSOON
64.6%
With last rung: Chinese art of aestheticsFENG
60.6%
Extremely helpful thingBOON
60.3%
With first rung: Chinese art of aestheticsSHUI
52.8%

Today's Daily Dose

Missing Word
'80s Musicals

Word Ladder
Hereditary

Get the Picture
Food Names

From the Vault

'Who' Song Titles

by JoeBeta

Music 4m
If you're coming here for Pete Townshend's band, you're going to be (mostly) disappointed.
Remove Ads.
Support Sporcle.
Get the best of Sporcle when you Go Orange. This ad-free experience offers more features, more stats, and more fun while also helping to support Sporcle. Thank you for becoming a member.

Show Comments

Extras

Top Quizzes Today


Score Distribution

Your Account Isn't Verified!

In order to create a playlist on Sporcle, you need to verify the email address you used during registration. Go to your Sporcle Settings to finish the process.

Report this User

Report this user for behavior that violates our Community Guidelines.

Details: